Библиография Победы

“Убежден: опыт солидарности, партнерства в годы борьбы с общей угрозой — это наше бесценное наследие, прочная опора именно сейчас, когда набирает силу необратимое движение к более справедливому многополярному миру, основанному на принципах доверия и неделимой безопасности, равных возможностей для самобытного и свободного развития всех стран и народов.”

В.В. Путин

В помощь начинающему мостовщику (Запись № 4876)

Подробности
000 -МАРКЕР
контрольное поле 01392nam0a22003131 4500
001 - ИДЕНТИФИКАТОР ЗАПИСИ
контрольное поле rc\3011105
005 - ИДЕНТИФИКАТОР ВЕРСИИ
контрольное поле 20250806201023.0
035 ## - ДРУГИЕ СИСТЕМНЫЕ НОМЕРА
Идентификатор записи (NLR Aleph) 007153628
100 ## - ДАННЫЕ ОБЩЕЙ ОБРАБОТКИ
Данные общей обработки 20110923d1945 u y0rusy50 ca
101 0# - ЯЗЫК РЕСУРСА
Язык текста, звукозаписи и т.д. русский
102 ## - СТРАНА ПУБЛИКАЦИИ ИЛИ ПРОИЗВОДСТВА
Страна публикации российская федерация
105 ## - ПОЛЕ КОДИРОВАННЫХ ДАННЫХ: ТЕКСТОВЫЕ МАТЕРИАЛЫ, МОНОГРАФИЧЕСКИЕ
Кодированные данные о монографическом текстовом документе a z |||||
200 1# - ЗАГЛАВИЕ И СВЕДЕНИЯ ОБ ОТВЕТСТВЕННОСТИ
Основное заглавие В помощь начинающему мостовщику
Первые сведения об ответственности И.П. Бойко, Е.Ф. Протасевич, Я.Ф. Протасевич, А.В. Муляренко
Последующие сведения об ответственности Под ред. М.Э. Мейтус
-- Науч.-иссл. ин-т коммун. хоз-ва Ленгорисполкома. Дор.-мост. упр. Ленгорисполкома
210 ## - ПУБЛИКАЦИЯ, РАСПРОСТРАНЕНИЕ И ДР.
Место издания, распространения и т.д. [Ленинград]
Имя издателя, распространителя и т. д. Лениздат
Дата издания, распространения и т.д. 1945
Имя изготовителя тип. № 9 Упр. изд-в и полиграфии Исполкома Ленгорсовета
215 ## - ФИЗИЧЕСКАЯ ХАРАКТЕРИСТИКА
Специфическое обозначение материала и объем 65 с., включ. 1 с. обл.
Другие сведения о физической характеристике ил., черт.
Размеры 20 см
300 ## - ОБЩИЕ ПРИМЕЧАНИЯ
Текст примечания На обл. 2-й автор: Я.Ф. Протасевич
700 #1 - ИМЯ ЛИЦА - ПЕРВИЧНАЯ ОТВЕТСТВЕННОСТЬ
Начальный элемент ввода Бойко
Часть имени, кроме начального элемента ввода И.П.
701 #1 - ИМЯ ЛИЦА - АЛЬТЕРНАТИВНАЯ ОТВЕТСТВЕННОСТЬ
Начальный элемент ввода Протасевич
Часть имени, кроме начального элемента ввода Е.Ф.
701 #1 - ИМЯ ЛИЦА - АЛЬТЕРНАТИВНАЯ ОТВЕТСТВЕННОСТЬ
Начальный элемент ввода Протасевич
Часть имени, кроме начального элемента ввода Я.Ф.
701 #1 - ИМЯ ЛИЦА - АЛЬТЕРНАТИВНАЯ ОТВЕТСТВЕННОСТЬ
Начальный элемент ввода Муляренко
Часть имени, кроме начального элемента ввода А.В.
702 #1 - ИМЯ ЛИЦА - ВТОРИЧНАЯ ОТВЕТСТВЕННОСТЬ
Начальный элемент ввода Мейтус
Часть имени, кроме начального элемента ввода М.Э.
Код отношения Редактор
801 #0 - ИСТОЧНИК ЗАПИСИ
Страна российская федерация
Организация NLR
Правила каталогизации psbo
801 #1 - ИСТОЧНИК ЗАПИСИ
Страна российская федерация
Организация ELAR
Источник данных rusmarc
852 ## - МЕСТОНАХОЖДЕНИЕ И ШИФР ХРАНЕНИЯ
Идентификатор организации NLR
Шифр хранения (Call Number) Т86 Г-4/191
942 ## - ДОПОЛНИТЕЛЬНЫЕ ЭЛЕМЕНТЫ ЗАПИСИ (АБИС)
Тип экземпляра АБИС Книга
945 ## - Информацию об издании предоставили:
Полное название организации, предоставившей материал Российская национальная библиотека
980 ## - КОЛЛЕКЦИЯ
Название коллекции Национальная библиография
980 ## - КОЛЛЕКЦИЯ
Название коллекции Библиография Победы

Нет доступных экземпляров.